00385 2200145 4500001002100000005001500021035002000036245006200056100001400118300003000132260003100162082001100193084001700204020001800221INLIS00000000000037620260408082622 a0010-042600000414aThe land of toys :bA Faraway Tree Adventure /cAnna A.P.0 aAnna A.P. a74 hlm. :bilus ;c20 cm. aSingapura :bEgmont,c2017 a813.54 a813.54 ANN t a9781405286039